• 首页
  • 本馆介绍
  • 公告通知
  • 最新文献
  • 馆藏检索
  • 电子资源
  • 读者导购
  • 参考咨询
  • 我的图书馆
  • 登录
  • 详细信息显示
  • 放入我的书架
  • 预约/预借图书
  • 作者相关作品
  • 分类相关作品
  • 丛书相关作品
  • 出版社相关作品

书目信息

  • 表格格式
  • 工作单格式
  • 卡片格式
题名:
北京地铁站名掌故
    
 
作者: 户力平 著
分册:  
出版信息: 北京   东方出版社  2020
页数: 443页
开本: 21cm
丛书名:
单 册:
中图分类: TU921
科图分类:
主题词: 地下铁道车站--di xia tie dao che zhan--名字--掌故--北京
电子资源:
ISBN: 978-7-5207-1180-7
000 00919nam0 2200241 450
001 2153163579
005 20211018173724.0
010    @a978-7-5207-1180-7@dCNY88.00
100    @a20201215d2020 em y0chiy0120 ea
101 0  @achi
102    @aCN@b110000
105    @aa z 000yy
106    @ar
200 1  @a北京地铁站名掌故@Abei jing di tie zhan ming zhang gu@dAllusions in the subway stations' name of Beijing@f户力平著@zeng
210    @a北京@c东方出版社@d2020
215    @a443页@c照片@d21cm
330    @a本书介绍了北京到目前为止已开通的22条线路、约350座站名的掌故,包括车站方位、站名由来、历史沿革、景观风物、地域文化、轶事趣闻等。
510 1  @aAllusions in the subway stations' name of Beijing@zeng
606 0  @a地下铁道车站@Adi xia tie dao che zhan@x名字@x掌故@y北京
690    @aTU921@v5
701  0 @a户力平@Ahu li ping@c(地方志)@4著
801  0 @aCN@b百万庄@c20211018
905    @b1311656-59@dTU921@e2035@f4
    
    北京地铁站名掌故=Allusions in the subway stations' name of Beijing/户力平著.-北京:东方出版社,2020
    443页:照片;21cm
    
    
    ISBN 978-7-5207-1180-7:CNY88.00
    本书介绍了北京到目前为止已开通的22条线路、约350座站名的掌故,包括车站方位、站名由来、历史沿革、景观风物、地域文化、轶事趣闻等。
●
相关链接 在E读中查询图书 在五车中查询图书 在当当中查询图书 在豆瓣中查询图书


正题名:北京地铁站名掌故     索取号:TU921/2035         预约/预借

序号 登录号 条形码 馆藏地/架位号 状态 备注
1 1311656   213116563   第二样本阅览室/ [索取号:TU921/2035] 在馆    
2 1311657   213116572   第三借阅区/ [索取号:TU921/2035] 在馆    
3 1311658   213116581   第三借阅区/ [索取号:TU921/2035] 已借出,限还日期为2023.09.18
借出人:常威  
 
4 1311659   213116590   第三借阅区/ [索取号:TU921/2035] 在馆    
唐山师范学院图书馆 欢迎您!
大连网信软件有限公司© 版权所有